MARC

LEADER 00000nam0a2200000 4500
001 266815
005 20231101234032.0
035 |a (RuTPU)RU\TPU\book\289835 
090 |a 266815 
100 |a 20140716d1986 m y0rusy50 ca 
101 0 |a rus 
102 |a RU 
105 |a a j 001zy 
200 1 |a Конструкции и применение многооперационных станков  |e учебное пособие  |f В. Н. Подлеснов  |g Волгоградский политехнический институт 
210 |a Волгоград  |c Изд-во ВолгПИ  |d 1986 
215 |a 84 с.  |c ил. 
320 |a Библиогр.: с. 83. 
606 1 |a Металлорежущие станки многооперационные  |2 stltpush  |3 (RuTPU)RU\TPU\subj\42685  |9 62344 
610 1 |a многоцелевые станки 
610 1 |a кинематика 
610 1 |a размеры 
610 1 |a инструменты 
610 1 |a автоматическая смена 
610 1 |a конструктивные особенности 
610 1 |a внедрение 
610 1 |a эксплуатация 
610 1 |a учебные пособия 
675 |a 621.9.06(075.8)  |v 3 
700 1 |a Подлеснов  |b В. Н.  |g Владислав Николаевич 
712 0 2 |a Волгоградский политехнический институт  |2 stltpush  |3 (RuTPU)RU\TPU\col\4581  |9 23999 
801 1 |a RU  |b 63413507  |c 20140716 
801 2 |a RU  |b 63413507  |c 20151020  |g RCR 
942 |c BK